Statistics for US States by Population-1960

Click here to take the quiz!

General Stats

  • This quiz has been taken 218 times
  • The average score is 27 of 50

Answer Stats

PopulationState% Correct
15,717,204California
96%
16,782,304New York
96%
11,319,366Pennsylvania
89%
10,081,158Illinois
85%
9,579,677Texas
79%
9,706,397Ohio
74%
7,823,194Michigan
72%
6,066,782New Jersey
68%
4,951,560Florida
66%
226,167Alaska
60%
4,662,498Indiana
60%
5,148,578Massachusetts
60%
3,966,949Virginia
60%
330,066Wyoming
60%
3,943,116Georgia
55%
4,319,813Missouri
55%
4,556,155North Carolina
55%
3,567,089Tennessee
55%
3,266,740Alabama
53%
2,757,537Iowa
51%
3,413,864Minnesota
51%
3,100,689Maryland
49%
285,278Nevada
49%
859,488Rhode Island
49%
389,881Vermont
49%
632,772Hawaii
47%
667,191Idaho
47%
3,038,156Kentucky
47%
969,265Maine
47%
674,767Montana
47%
632,446North Dakota
47%
1,768,687Oregon
47%
3,951,777Wisconsin
47%
446,292Delaware
45%
3,257,022Louisiana
45%
606,921New Hampshire
45%
680,514South Dakota
45%
2,853,214Washington
45%
1,302,161Arizona
43%
1,786,272Arkansas
43%
1,753,947Colorado
43%
2,535,234Connecticut
43%
2,178,611Kansas
43%
1,411,330Nebraska
43%
951,023New Mexico
43%
2,328,284Oklahoma
43%
890,627Utah
43%
2,178,141Mississippi
40%
2,382,594South Carolina
40%
1,860,421West Virginia
38%

Score Distribution

Percentile by Number Answered

Percent of People with Each Score

Your Score History

You have not taken this quiz